Welcher preußischer König? - Statistiken

Allgemein
  • Dieses Quiz wurde 22 mal gespielt
  • Das Durchschnittsergebnis liegt bei 9 aus 18
Antwortstatistiken
Ereignis König % Korrekt
„Soldatenkönig“ Friedrich Wilhelm I.
79%
War der letzte preußische König Wilhelm II.
79%
„Alte Fritz“ Friedrich II.
74%
Trat dem 1. Weltkrieg bei Wilhelm II.
74%
War der Erste Deutsche Kaiser Wilhelm I.
68%
Kämpfte im Siebenjährigen Krieg Friedrich II.
58%
War am kürzesten im Amt Friedrich III.
58%
Wer versuchte die Aufklärung in Preußen rückgängig zu machen? („Gegenaufklärung“) Friedrich Wilhelm II.
58%
Sorgte dafür, dass Österreich ganz aus Deutschland vertrieben wurde Wilhelm I.
58%
Ordnete den „Kartoffelbefehl“ an Friedrich II.
53%
Krönte sich in Königsberg zum König Friedrich I.
47%
Preußen verlor in Jena und Auerstedt und der König musste aus Berlin fliehen Friedrich Wilhelm III.
47%
Verfasste „An Mein Volk“ und besiegte Napoleon Friedrich Wilhelm III.
42%
Lehnte die Kaiserkrone ab Friedrich Wilhelm IV.
37%
War der ersten König <u>von </u> Preußen Friedrich II.
32%
Residierte jeden Sommer im Marmorpalais, nachdem es eröffnet wurde Friedrich Wilhelm II.
32%
Verkaufte die Kolonie „Groß Friedrichsburg“ (Elfenbeinküste) Friedrich Wilhelm I.
26%
Welcher König wurde laut eigenen Aussagen von „Gott berufen“? („Gottesgnadentum“) Friedrich Wilhelm IV.
16%
Keine übereinstimmenden Quizze gefunden
Verteilung der Resultate
Anzahl Personen mit jedem Resultat
Perzentil nach korrekt beantworteten Fragen
Ihre Resultats-Entwicklung
Sie haben dieses Quiz noch nicht gespielt